000 00231 a2200097 4500
001 910
100 _aThaler,G.J
245 _aAnalysis & design of monliner feedback control systems
260 _a
_bMcgrawhill
_c
090 _c500
_d500
942 _aNUST-CAE
_cM
_c31379
999 _c235983
_d235983